[Event "18th IND-chT Women 2020"]
[Site "Ahmedabad"]
[Date "2020.02.10"]
[Round "1.1"]
[White "Gomes, Mary Ann"]
[Black "Mudaliar Nandini"]
[Result "1-0"]
[WhiteElo "2344"]
[BlackElo "1511"]
[Annotator "RC"]
[PlyCount "67"]
[EventDate "2020.02.05"]
[EventCountry "IND"]
[SourceTitle "playchess.com"]
[Source "ChessBase"]
[SourceQuality "1"]
[TimeControl "5400+30"]

1. Nf3 {[%emt 0:00:00]} Nf6 {[%emt 0:00:00]} 2. g3 {[%emt 0:00:30]} d5 {[%emt 0:00:30]} 3. Bg2 {[%emt 0:00:30]} Nbd7 {[%emt 0:00:30]} 4. c4 {[%emt 0:00:30]} c6 {[%emt 0:00:30]} 5. d4 {[%emt 0:00:30]} e6 {[%emt 0:00:30]} 6. O-O {[%emt 0:00:30]} Bd6 {[%emt 0:00:30]} 7. Nc3 {[%emt 0:00:30]} O-O {[%emt 0:00:30]} 8. Qc2 {[%emt 0:00:30]} Re8 {[%emt 0:00:30]} 9. Rd1 {[%emt 0:00:30]} h6 {[%emt 0:00:30]} 10. e4 {[%emt 0:00:30]} dxe4 {[%emt 0:00:30]} 11. Nxe4 {[%emt 0:00:30]} Nxe4 {[%emt 0:00:30]} 12. Qxe4 {[%emt 0:00:30]} Qe7 {[%emt 0:00:30]} 13. Ne5 {[%emt 0:00:30]} Rb8 {[%emt 0:00:30]} 14. h3 {[%emt 0:00:30]} f6 {[%emt 0:00:30]} 15. Nxd7 {[%emt 0:00:30]} Bxd7 {[%emt 0:00:30]} 16. Bf4 {[%emt 0:00:30]} Rbd8 {[%emt 0:00:30]} 17. Bxd6 {[%emt 0:00:30]} Qxd6 {[%emt 0:00:30]} 18. Qe3 {[%emt 0:00:30]} Re7 {[%emt 0:00:30]} 19. Be4 {[%emt 0:00:30]} Be8 {[%emt 0:00:30]} 20. Bc2 {[%emt 0:00:30]} Bh5 {[%emt 0:00:30]} 21. Rd2 {[%emt 0:00:30]} c5 {[%emt 0:00:30]} 22. Qd3 {[%emt 0:00:30]} cxd4 {[%emt 0:00:30]} 23. Qh7+ {[%emt 0:00:30]} Kf8 {[%emt 0:00:30]} 24. c5 {[%emt 0:00:30]} Qd7 {[%emt 0:00:30]} 25. Re1 {[%emt 0:00:30]} Ree8 {[%emt 0:00:30]} 26. Re4 {[%emt 0:00:30]} Qc6 {[%emt 0:00:30]} 27. Rexd4 {[%emt 0:00:30]} Rxd4 {[%emt 0:00:30]} 28. Rxd4 {[%emt 0:00:30]} f5 {[%emt 0:00:30]} 29. Ba4 {[%emt 0:00:30]} b5 {[%emt 0:00:30]} 30. cxb6 {[%emt 0:00:30]} Qc1+ {[%emt 0:00:30]} 31. Kg2 {[%emt 0:00:30]} Be2 {[%emt 0:00:30]} 32. Qh8+ {[%emt 0:00:30]} Kf7 {[%emt 0:00:30]} 33. Bxe8+ {[%emt 0:00:30]} Ke7 {[%emt 0:00:30]} 34. Rd7+ {[%emt 0:00:30]} 1-0

[Event "18th IND-chT Women 2020"]
[Site "Ahmedabad"]
[Date "2020.02.10"]
[Round "1.4"]
[White "Patel Riddhi R"]
[Black "Mohota, Nisha"]
[Result "0-1"]
[WhiteElo "1584"]
[BlackElo "2191"]
[Annotator "RC"]
[PlyCount "78"]
[EventDate "2020.02.05"]
[EventCountry "IND"]
[SourceTitle "playchess.com"]
[Source "ChessBase"]
[SourceQuality "1"]
[TimeControl "5400+30"]

1. e4 {[%emt 0:00:00]} Nf6 {[%emt 0:00:00]} 2. e5 {[%emt 0:00:30]} Nd5 {[%emt 0:00:30]} 3. d4 {[%emt 0:00:30]} d6 {[%emt 0:00:30]} 4. c4 {[%emt 0:00:30]} Nb6 {[%emt 0:00:30]} 5. Nc3 {[%emt 0:00:30]} dxe5 {[%emt 0:00:30]} 6. dxe5 {[%emt 0:00:30]} Qxd1+ {[%emt 0:00:30]} 7. Nxd1 {[%emt 0:00:30]} Nc6 {[%emt 0:00:30]} 8. f4 {[%emt 0:00:30]} Bf5 {[%emt 0:00:30]} 9. Ne3 {[%emt 0:00:30]} e6 {[%emt 0:00:30]} 10. Bd2 {[%emt 0:00:30]} Be4 {[%emt 0:00:30]} 11. Nh3 {[%emt 0:00:30]} O-O-O {[%emt 0:00:30]} 12. Nf2 {[%emt 0:00:30]} Bg6 {[%emt 0:00:30]} 13. Be2 {[%emt 0:00:30]} Bc5 {[%emt 0:00:30]} 14. Nfd1 {[%emt 0:00:30]} Rd7 {[%emt 0:00:30]} 15. Bc1 {[%emt 0:00:30]} Nd4 {[%emt 0:00:30]} 16. g4 {[%emt 0:00:30]} Be4 {[%emt 0:00:30]} 17. Rf1 {[%emt 0:00:30]} Nxe2 {[%emt 0:00:30]} 18. Kxe2 {[%emt 0:00:30]} Bd3+ {[%emt 0:00:30]} 19. Ke1 {[%emt 0:00:30]} Bxf1 {[%emt 0:00:30]} 20. Kxf1 {[%emt 0:00:30]} Nxc4 {[%emt 0:00:30]} 21. Ke2 {[%emt 0:00:30]} Nxe3 {[%emt 0:00:30]} 22. Nxe3 {[%emt 0:00:30]} h5 {[%emt 0:00:30]} 23. g5 {[%emt 0:00:30]} Rhd8 {[%emt 0:00:30]} 24. a3 {[%emt 0:00:30]} Bd4 {[%emt 0:00:30]} 25. Ra2 {[%emt 0:00:30]} Bxe3 {[%emt 0:00:30]} 26. Bxe3 {[%emt 0:00:30]} Rd1 {[%emt 0:00:30]} 27. b4 {[%emt 0:00:30]} Rh1 {[%emt 0:00:30]} 28. Kf3 {[%emt 0:00:30]} Rd3 {[%emt 0:00:30]} 29. Ke4 {[%emt 0:00:30]} Rb3 {[%emt 0:00:30]} 30. Re2 {[%emt 0:00:30]} g6 {[%emt 0:00:30]} 31. Kf3 {[%emt 0:00:30]} Rxa3 {[%emt 0:00:30]} 32. Kg2 {[%emt 0:00:30]} Rha1 {[%emt 0:00:30]} 33. Kf2 {[%emt 0:00:30]} R1a2 {[%emt 0:00:30]} 34. Rxa2 {[%emt 0:00:30]} Rxa2+ {[%emt 0:00:30]} 35. Kg3 {[%emt 0:00:30]} b6 {[%emt 0:00:30]} 36. Bd4 {[%emt 0:00:30]} a5 {[%emt 0:00:30]} 37. bxa5 {[%emt 0:00:30]} bxa5 {[%emt 0:00:30]} 38. h4 {[%emt 0:00:30]} a4 {[%emt 0:00:30]} 39. Bc5 {[%emt 0:00:30]} a3 {[%emt 0:00:30]} 0-1

[Event "18th IND-chT Women 2020"]
[Site "Ahmedabad"]
[Date "2020.02.10"]
[Round "1.6"]
[White "Tania, Sachdev"]
[Black "Nabanita, Pattanayak"]
[Result "1-0"]
[WhiteElo "2397"]
[BlackElo "1467"]
[Annotator "TA"]
[PlyCount "46"]
[EventDate "2020.02.05"]
[EventCountry "IND"]
[SourceTitle "playchess.com"]
[Source "ChessBase"]
[SourceQuality "1"]

{[%evp 9,46,20,54,25,26,18,46,19,22,17,66,52,542,531,516,533,529,511,520,507,514,492,723,724,710,705,706,722,1138,1107,1053,894,873,877,1679,1644,1481,901,954]} 1. d4 c6 2. c4 d5 3. Nf3 Nf6 4. Nc3 Bf5 5. Nh4 Bg6 6. cxd5 {D15: Slav Defence: 4 Nc3 a6 and gambit lines after 4 Nc3 dxc4.} cxd5 7. Bf4 e6 {[#]} 8. e3 $146 {White is slightly better.} ({Predecessor:} 8. Nxg6 fxg6 9. e3 Bd6 10. Bxd6 Qxd6 11. Be2 O-O 12. O-O Nc6 13. Rc1 e5 14. dxe5 Nxe5 {½-½ (26) Soltysova,A (1250)-Novotna,K (1250) Zlate Hory 2006}) 8... a6 9. Qb3 b5 10. Rc1 Bd6 $2 {[%mdl 8192]} (10... Be7 $14) 11. Bxd6 $18 {White is clearly winning.} Qxd6 {[#]} 12. Nxb5 $1 {[%mdl 512]} axb5 13. Rc8+ Ke7 14. Nxg6+ fxg6 15. Rxh8 Ra6 (15... b4 $142 16. a4 Ra7) 16. Bxb5 Rb6 17. a4 Nc6 18. O-O Na5 19. Qc3 Nc4 20. Bxc4 dxc4 21. Qxc4 Rxb2 22. Qc8 {[#] Intending Qf8+ and mate.} Kf7 23. Rd8 Qe7 {Accuracy: White = 75%, Black = 39%.} 1-0

[Event "18th IND-chT Women 2020"]
[Site "Ahmedabad"]
[Date "2020.02.10"]
[Round "1.7"]
[White "Smaraki, Mohanty"]
[Black "Meenakshi Subbaraman"]
[Result "0-1"]
[WhiteElo "1746"]
[BlackElo "2162"]
[Annotator "RC"]
[PlyCount "40"]
[EventDate "2020.02.05"]
[EventCountry "IND"]
[SourceTitle "playchess.com"]
[Source "ChessBase"]
[SourceQuality "1"]
[TimeControl "5400+30"]

1. c4 {[%emt 0:00:00]} d6 {[%emt 0:00:00]} 2. Nc3 {[%emt 0:00:30]} e5 {[%emt 0:00:30]} 3. e3 {[%emt 0:00:30]} g6 {[%emt 0:00:30]} 4. d4 {[%emt 0:00:30]} Nc6 {[%emt 0:00:30]} 5. Nf3 {[%emt 0:00:30]} Bg7 {[%emt 0:00:30]} 6. d5 {[%emt 0:00:30]} Nce7 {[%emt 0:00:30]} 7. Be2 {[%emt 0:00:30]} f5 {[%emt 0:00:30]} 8. Qc2 {[%emt 0:00:30]} Nf6 {[%emt 0:00:30]} 9. b3 {[%emt 0:00:30]} O-O {[%emt 0:00:30]} 10. h4 {[%emt 0:00:30]} c6 {[%emt 0:00:30]} 11. dxc6 {[%emt 0:00:30]} bxc6 {[%emt 0:00:30]} 12. Bb2 {[%emt 0:00:30]} Qc7 {[%emt 0:00:30]} 13. Rd1 {[%emt 0:00:30]} h6 {[%emt 0:00:30]} 14. Qd2 {[%emt 0:00:30]} Ne4 {[%emt 0:00:30]} 15. Qc1 {[%emt 0:00:30]} Bb7 {[%emt 0:00:30]} 16. Nxe4 {[%emt 0:00:30]} fxe4 {[%emt 0:00:30]} 17. Nd2 {[%emt 0:00:30]} d5 {[%emt 0:00:30]} 18. Nb1 {[%emt 0:00:30]} Rad8 {[%emt 0:00:30]} 19. Nc3 {[%emt 0:00:30]} Kh8 {[%emt 0:00:30]} 20. Qc2 {[%emt 0:00:30]} Nf5 {[%emt 0:00:30]} 0-1

[Event "18th IND-chT Women 2020"]
[Site "Ahmedabad"]
[Date "2020.02.10"]
[Round "1.9"]
[White "Harshini A"]
[Black "Pammi, Rani"]
[Result "1-0"]
[WhiteElo "2194"]
[BlackElo "1468"]
[Annotator "RC"]
[PlyCount "59"]
[EventDate "2020.02.05"]
[EventCountry "IND"]
[SourceTitle "playchess.com"]
[Source "ChessBase"]
[SourceQuality "1"]
[TimeControl "5400+30"]

1. e4 {[%emt 0:00:00]} c5 {[%emt 0:00:00]} 2. Nf3 {[%emt 0:00:30]} d6 {[%emt 0:00:30]} 3. d4 {[%emt 0:00:30]} cxd4 {[%emt 0:00:30]} 4. Nxd4 {[%emt 0:00:30]} Nf6 {[%emt 0:00:30]} 5. Nc3 {[%emt 0:00:30]} a6 {[%emt 0:00:30]} 6. g3 {[%emt 0:00:30]} e5 {[%emt 0:00:30]} 7. Nde2 {[%emt 0:00:30]} Qc7 {[%emt 0:00:30]} 8. Bg5 {[%emt 0:00:30]} Be7 {[%emt 0:00:30]} 9. Bg2 {[%emt 0:00:30]} Be6 {[%emt 0:00:30]} 10. h3 {[%emt 0:00:30]} h6 {[%emt 0:00:30]} 11. Be3 {[%emt 0:00:30]} Nbd7 {[%emt 0:00:30]} 12. a4 {[%emt 0:00:30]} Nb6 {[%emt 0:00:30]} 13. b3 {[%emt 0:00:30]} Rc8 {[%emt 0:00:30]} 14. O-O {[%emt 0:00:30]} Nbd7 {[%emt 0:00:30]} 15. a5 {[%emt 0:00:30]} O-O {[%emt 0:00:30]} 16. f4 {[%emt 0:00:30]} Nb8 {[%emt 0:00:30]} 17. Bb6 {[%emt 0:00:30]} Qc6 {[%emt 0:00:30]} 18. f5 {[%emt 0:00:30]} Bd7 {[%emt 0:00:30]} 19. Ra2 {[%emt 0:00:30]} Bd8 {[%emt 0:00:30]} 20. Be3 {[%emt 0:00:30]} b5 {[%emt 0:00:30]} 21. Qd2 {[%emt 0:00:30]} Be8 {[%emt 0:00:30]} 22. Nd5 {[%emt 0:00:30]} Nbd7 {[%emt 0:00:30]} 23. Nb4 {[%emt 0:00:30]} Qb7 {[%emt 0:00:30]} 24. Qxd6 {[%emt 0:00:30]} Bc7 {[%emt 0:00:30]} 25. Qxa6 {[%emt 0:00:30]} Qxa6 {[%emt 0:00:30]} 26. Nxa6 {[%emt 0:00:30]} Bd8 {[%emt 0:00:30]} 27. Nb4 {[%emt 0:00:30]} Ra8 {[%emt 0:00:30]} 28. Nc6 {[%emt 0:00:30]} Bc7 {[%emt 0:00:30]} 29. Nc3 {[%emt 0:00:30]} Nb8 {[%emt 0:00:30]} 30. Nxb5 {[%emt 0:00:30]} 1-0

[Event "18th IND-chT Women 2020"]
[Site "Ahmedabad"]
[Date "2020.02.10"]
[Round "1.10"]
[White "Kumari Prerna"]
[Black "Varshini, V."]
[Result "0-1"]
[WhiteElo "1234"]
[BlackElo "2242"]
[Annotator "RC"]
[PlyCount "54"]
[EventDate "2020.02.05"]
[EventCountry "IND"]
[SourceTitle "playchess.com"]
[Source "ChessBase"]
[SourceQuality "1"]
[TimeControl "5400+30"]

1. e4 {[%emt 0:00:00]} c5 {[%emt 0:00:00]} 2. Nf3 {[%emt 0:00:30]} d6 {[%emt 0:00:30]} 3. d4 {[%emt 0:00:30]} cxd4 {[%emt 0:00:30]} 4. Nxd4 {[%emt 0:00:30]} Nf6 {[%emt 0:00:30]} 5. Nc3 {[%emt 0:00:30]} a6 {[%emt 0:00:30]} 6. a4 {[%emt 0:00:30]} b6 {[%emt 0:00:30]} 7. Bd3 {[%emt 0:00:30]} Bb7 {[%emt 0:00:30]} 8. Bg5 {[%emt 0:00:30]} e6 {[%emt 0:00:30]} 9. f4 {[%emt 0:00:30]} Nbd7 {[%emt 0:00:30]} 10. Nb3 {[%emt 0:00:30]} Be7 {[%emt 0:00:30]} 11. Qe2 {[%emt 0:00:30]} h6 {[%emt 0:00:30]} 12. Bxf6 {[%emt 0:00:30]} Bxf6 {[%emt 0:00:30]} 13. Qd2 {[%emt 0:00:30]} Rc8 {[%emt 0:00:30]} 14. O-O {[%emt 0:00:30]} O-O {[%emt 0:00:30]} 15. Rae1 {[%emt 0:00:30]} Qc7 {[%emt 0:00:30]} 16. Nd1 {[%emt 0:00:30]} Qc6 {[%emt 0:00:30]} 17. Re2 {[%emt 0:00:30]} Qxa4 {[%emt 0:00:30]} 18. f5 {[%emt 0:00:30]} Qc6 {[%emt 0:00:30]} 19. Rf3 {[%emt 0:00:30]} Ne5 {[%emt 0:00:30]} 20. Rg3 {[%emt 0:00:30]} Bh4 {[%emt 0:00:30]} 21. Rh3 {[%emt 0:00:30]} Bg5 {[%emt 0:00:30]} 22. Qe1 {[%emt 0:00:30]} Rce8 {[%emt 0:00:30]} 23. Qg3 {[%emt 0:00:30]} exf5 {[%emt 0:00:30]} 24. exf5 {[%emt 0:00:30]} Nxd3 {[%emt 0:00:30]} 25. Rxe8 {[%emt 0:00:30]} Rxe8 {[%emt 0:00:30]} 26. cxd3 {[%emt 0:00:30]} Qc2 {[%emt 0:00:30]} 27. Nc3 {[%emt 0:00:30]} Re1+ {[%emt 0:00:30]} 0-1

[Event "18th IND-chT Women 2020"]
[Site "Ahmedabad"]
[Date "2020.02.10"]
[Round "1.11"]
[White "Vaishali R"]
[Black "Garima Gaurav"]
[Result "1-0"]
[WhiteElo "2382"]
[BlackElo "1662"]
[Annotator "TA"]
[PlyCount "53"]
[EventDate "2020.02.05"]
[EventCountry "IND"]
[SourceTitle "playchess.com"]
[Source "ChessBase"]
[SourceQuality "1"]

{[%evp 14,57,17,16,18,3,24,20,41,21,44,48,35,41,52,56,56,58,157,153,152,152,147,150,154,144,165,162,679,653,666,680,686,677,850,830,995,926,821,657,728,668,797,775,738,672]} 1. e4 e5 2. Nf3 Nc6 3. Bb5 a6 4. Ba4 Nf6 5. d3 Bc5 6. O-O b5 7. Bb3 O-O 8. Bg5 {8.a4 is setting a new trend.} d6 {C78: Ruy Lopez: Archangelsk and Möller Defences.} 9. c3 Re8 {[#]} 10. Nbd2 $146 ({Predecessor:} 10. a4 Rb8 11. axb5 axb5 12. Nbd2 h6 13. Bh4 Be6 14. Bd5 Bxd5 15. exd5 Ne7 16. Bxf6 gxf6 {1-0 (24) Manik,M (2448)-Sahidi,S (2216) Banska Stiavnica 2016}) 10... Be6 {The position is equal.} 11. Bd5 Bd7 12. b4 Bb6 13. Qb3 $36 {[%mdl 2048] White has good play.} Qe7 14. Nh4 {Hoping for Nf5.} g6 15. Kh1 Kg7 (15... Be6 $14) 16. f4 $1 $16 {[%cal Rf4e5] fxe5 is the strong threat.} Be3 17. Bxf6+ $1 Qxf6 18. fxe5 Qxh4 19. Rxf7+ {[%mdl 64] Double Attack} Kh8 {[#]} 20. Nf3 $1 {[%cal Rf3h4]} ({And not} 20. Rxd7 Bxd2 21. Bxc6 Bf4 $11) 20... Qh6 $2 ({Don't go for} 20... Qg4 $2 {[#]} 21. e6 $1 $18 {[%mdl 512]} (21. h3 Qg3 $16)) (20... Qd8) 21. Rxd7 $18 {[%mdl 64] Double Attack. White is clearly winning.} Nxe5 22. Nxe5 dxe5 23. Bxa8 Bf4 {[%csl Gf4][%cal Rh6h2]} 24. h3 Rxa8 25. Qd5 Rf8 26. Rd8 Qg7 27. a4 {Played: Ra1-f1} 1-0

[Event "18th IND-chT Women 2020"]
[Site "Ahmedabad"]
[Date "2020.02.10"]
[Round "1.12"]
[White "Marium Fatima"]
[Black "Mahalakshmi, M."]
[Result "0-1"]
[WhiteElo "1511"]
[BlackElo "2255"]
[Annotator "RC"]
[PlyCount "76"]
[EventDate "2020.02.05"]
[EventCountry "IND"]
[SourceTitle "playchess.com"]
[Source "ChessBase"]
[SourceQuality "1"]
[TimeControl "5400+30"]

1. d4 Nf6 2. Nf3 d5 3. g3 Bf5 4. Bg2 e6 5. O-O Bd6 6. Nbd2 O-O 7. b3 c5 8. Bb2 Nc6 9. c4 Re8 10. Rc1 cxd4 11. cxd5 Nxd5 12. Nxd4 Nxd4 13. Bxd4 Ba3 14. e4 Bxc1 15. Qxc1 Ne7 16. Qb2 Bg6 17. Bxg7 Nc6 18. Bf6 Qd3 19. e5 Nd4 20. Bxb7 Rab8 21. Bg2 Rec8 22. Bg5 Rc2 23. Qa1 Rxd2 24. Bxd2 Ne2+ 25. Kh1 Qxd2 26. Rd1 Qc2 27. h4 Rc8 28. Kh2 Nc1 29. Qd4 Nxa2 30. Rd2 Qxb3 31. Qxa7 Nb4 32. Qb7 Qc3 33. Rd7 Qc5 34. f4 Nc2 35. g4 Ne3 36. Kg3 Nxg2 37. h5 Qe3+ 38. Kh2 Qxf4+ 0-1

[Event "18th IND-chT Women 2020"]
[Site "Ahmedabad"]
[Date "2020.02.10"]
[Round "2.1"]
[White "Nanditha V"]
[Black "Gomes, Mary Ann"]
[Result "0-1"]
[WhiteElo "1728"]
[BlackElo "2344"]
[Annotator "RC"]
[PlyCount "72"]
[EventDate "2020.02.05"]
[EventCountry "IND"]
[SourceTitle "playchess.com"]
[Source "ChessBase"]
[SourceQuality "1"]
[TimeControl "5400+30"]

1. e4 {[%emt 0:00:00]} c5 {[%emt 0:00:00]} 2. Nf3 {[%emt 0:00:30]} e6 {[%emt 0:00:30]} 3. c3 {[%emt 0:00:30]} d5 {[%emt 0:00:30]} 4. e5 {[%emt 0:00:30]} Nc6 {[%emt 0:00:30]} 5. d4 {[%emt 0:00:30]} Qb6 {[%emt 0:00:30]} 6. Bd3 {[%emt 0:00:30]} cxd4 {[%emt 0:00:30]} 7. cxd4 {[%emt 0:00:30]} Bd7 {[%emt 0:00:30]} 8. Bc2 {[%emt 0:00:30]} Nb4 {[%emt 0:00:30]} 9. O-O {[%emt 0:00:30]} Nxc2 {[%emt 0:00:30]} 10. Qxc2 {[%emt 0:00:30]} Rc8 {[%emt 0:00:30]} 11. Nc3 {[%emt 0:00:30]} Ne7 {[%emt 0:00:30]} 12. Rd1 {[%emt 0:00:30]} Nc6 {[%emt 0:00:30]} 13. Be3 {[%emt 0:00:30]} Na5 {[%emt 0:00:30]} 14. Ne1 {[%emt 0:00:30]} Nc4 {[%emt 0:00:30]} 15. Nd3 {[%emt 0:00:30]} Bb4 {[%emt 0:00:30]} 16. Nc5 {[%emt 0:00:30]} Bxc5 {[%emt 0:00:30]} 17. dxc5 {[%emt 0:00:30]} Nxe3 {[%emt 0:00:30]} 18. fxe3 {[%emt 0:00:30]} Qxc5 {[%emt 0:00:30]} 19. Qf2 {[%emt 0:00:30]} O-O {[%emt 0:00:30]} 20. e4 {[%emt 0:00:30]} Qxf2+ {[%emt 0:00:30]} 21. Kxf2 {[%emt 0:00:30]} Bc6 {[%emt 0:00:30]} 22. exd5 {[%emt 0:00:30]} Bxd5 {[%emt 0:00:30]} 23. Rd2 {[%emt 0:00:30]} Bc6 {[%emt 0:00:30]} 24. Ke3 {[%emt 0:00:30]} f6 {[%emt 0:00:30]} 25. Rf1 {[%emt 0:00:30]} fxe5 {[%emt 0:00:30]} 26. Rxf8+ {[%emt 0:00:30]} Kxf8 {[%emt 0:00:30]} 27. Nd1 {[%emt 0:00:30]} Ke7 {[%emt 0:00:30]} 28. Nc3 {[%emt 0:00:30]} Rf8 {[%emt 0:00:30]} 29. b4 {[%emt 0:00:30]} a6 {[%emt 0:00:30]} 30. a4 {[%emt 0:00:30]} Rf4 {[%emt 0:00:30]} 31. b5 {[%emt 0:00:30]} axb5 {[%emt 0:00:30]} 32. axb5 {[%emt 0:00:30]} Rc4 {[%emt 0:00:30]} 33. bxc6 {[%emt 0:00:30]} Rxc3+ {[%emt 0:00:30]} 34. Ke4 {[%emt 0:00:30]} Rxc6 {[%emt 0:00:30]} 35. Kxe5 {[%emt 0:00:30]} Rc5+ {[%emt 0:00:30]} 36. Ke4 {[%emt 0:00:30]} b5 {[%emt 0:00:30]} 0-1

[Event "18th IND-chT Women 2020"]
[Site "Ahmedabad"]
[Date "2020.02.10"]
[Round "2.2"]
[White "Padmini, Rout"]
[Black "Kheerthi Ganta"]
[Result "1-0"]
[WhiteElo "2372"]
[BlackElo "1683"]
[Annotator "TA"]
[PlyCount "77"]
[EventDate "2020.02.05"]
[EventCountry "IND"]
[SourceTitle "playchess.com"]
[Source "ChessBase"]
[SourceQuality "1"]

{[%evp 12,77,25,9,10,0,1,3,9,6,8,3,10,-2,33,26,31,21,58,65,71,53,59,63,116,118,139,142,147,142,224,216,213,210,217,203,200,211,467,460,917,924,958,868,991,977,1337,657,1095,656,646,635,643,635,638,623,666,651,759,627,5314,2004,29972,29972,29988,29977,29986,29985]} 1. Nf3 d5 2. g3 Bg4 3. Bg2 c6 4. d3 Nf6 5. Nbd2 Nbd7 6. h3 Bxf3 7. Bxf3 e5 {A07: Réti Opening: New York and Capablanca Systems.} 8. O-O Bd6 9. e4 O-O {The position is equal.} 10. Bg2 Qc7 {[#]} 11. exd5 $146 ({Predecessor:} 11. Re1 Rad8 12. Qe2 Rfe8 13. Nf1 d4 14. c4 b5 15. Qc2 b4 16. a4 bxa3 17. bxa3 {0-1 (74) Habibi,A (2236)-Gruenenwald,J (2340) Switzerland 2016}) 11... cxd5 12. c4 Nb6 13. b3 Rfd8 14. Qe2 dxc4 15. dxc4 Bb4 16. a3 Bc3 17. Ra2 Rd7 (17... Nbd7 $14) 18. Rc2 $16 Bd4 {[#]} 19. Nf3 $1 Re8 20. Bg5 Re6 {[#]} (20... e4 $16) 21. Bxf6 $1 $18 Rxf6 {[#]} 22. c5 $1 {[%mdl 512]} Nc8 (22... Bxc5 23. b4) 23. Nxd4 Rxd4 24. Qb5 {[%cal Rb5e8]} Rd7 $2 {[#]} (24... Re6 {keeps fighting.} 25. Qxb7 Re7) 25. Rd2 $1 {[%cal Rd2d7][%mdl 512]} Re7 (25... Rc6 $142) (25... Rxd2 26. Qe8#) 26. Rfd1 {White threatens Rd8+ and mate.} g6 27. Rd7 Qb8 28. Rxb7 Rxb7 29. Rd8+ Kg7 30. Bxb7 Nd6 31. Rxd6 Rxd6 32. cxd6 Qxd6 33. a4 f5 34. Bd5 e4 35. Kg2 Qf6 36. Qd7+ Kh8 37. Qxa7 {White mates.} Qc3 38. Qe3 {[%cal Re3c3]} Qb4 {[#]} 39. a5 $1 {Accuracy: White = 100%, Black = 26%.} 1-0

[Event "18th IND-chT Women 2020"]
[Site "Ahmedabad"]
[Date "2020.02.10"]
[Round "2.4"]
[White "Mohota, Nisha"]
[Black "Natura Bethi"]
[Result "1-0"]
[WhiteElo "2191"]
[BlackElo "1364"]
[Annotator "RC"]
[PlyCount "71"]
[EventDate "2020.02.05"]
[EventCountry "IND"]
[SourceTitle "playchess.com"]
[Source "ChessBase"]
[SourceQuality "1"]
[TimeControl "5400+30"]

1. d4 {[%emt 0:00:00]} Nf6 {[%emt 0:00:00]} 2. c4 {[%emt 0:00:30]} e6 {[%emt 0:00:30]} 3. g3 {[%emt 0:00:30]} d5 {[%emt 0:00:30]} 4. Nf3 {[%emt 0:00:30]} Bb4+ {[%emt 0:00:30]} 5. Nbd2 {[%emt 0:00:30]} dxc4 {[%emt 0:00:30]} 6. Qc2 {[%emt 0:00:30]} b5 {[%emt 0:00:30]} 7. a4 {[%emt 0:00:30]} c6 {[%emt 0:00:30]} 8. Bg2 {[%emt 0:00:30]} Bb7 {[%emt 0:00:30]} 9. O-O {[%emt 0:00:30]} O-O {[%emt 0:00:30]} 10. b3 {[%emt 0:00:30]} cxb3 {[%emt 0:00:30]} 11. Nxb3 {[%emt 0:00:30]} Nbd7 {[%emt 0:00:30]} 12. Bb2 {[%emt 0:00:30]} Rc8 {[%emt 0:00:30]} 13. Nc5 {[%emt 0:00:30]} Nxc5 {[%emt 0:00:30]} 14. dxc5 {[%emt 0:00:30]} a5 {[%emt 0:00:30]} 15. Ng5 {[%emt 0:00:30]} Qd2 {[%emt 0:00:30]} 16. Qxd2 {[%emt 0:00:30]} Bxd2 {[%emt 0:00:30]} 17. Bxf6 {[%emt 0:00:30]} gxf6 {[%emt 0:00:30]} 18. Ne4 {[%emt 0:00:30]} Bb4 {[%emt 0:00:30]} 19. axb5 {[%emt 0:00:30]} Ba8 {[%emt 0:00:30]} 20. Nxf6+ {[%emt 0:00:30]} Kg7 {[%emt 0:00:30]} 21. Nd7 {[%emt 0:00:30]} cxb5 {[%emt 0:00:30]} 22. Nxf8 {[%emt 0:00:30]} Bxg2 {[%emt 0:00:30]} 23. Nxe6+ {[%emt 0:00:30]} fxe6 {[%emt 0:00:30]} 24. Kxg2 {[%emt 0:00:30]} Rxc5 {[%emt 0:00:30]} 25. Rfd1 {[%emt 0:00:30]} Rc2 {[%emt 0:00:30]} 26. Rd7+ {[%emt 0:00:30]} Kg6 {[%emt 0:00:30]} 27. Kf3 {[%emt 0:00:30]} Bc3 {[%emt 0:00:30]} 28. Ra3 {[%emt 0:00:30]} a4 {[%emt 0:00:30]} 29. Rc7 {[%emt 0:00:30]} Bb2 {[%emt 0:00:30]} 30. Rxc2 {[%emt 0:00:30]} Bxa3 {[%emt 0:00:30]} 31. Ke4 {[%emt 0:00:30]} b4 {[%emt 0:00:30]} 32. Kd3 {[%emt 0:00:30]} b3 {[%emt 0:00:30]} 33. Rc4 {[%emt 0:00:30]} Bc1 {[%emt 0:00:30]} 34. Rxc1 {[%emt 0:00:30]} a3 {[%emt 0:00:30]} 35. Kc3 {[%emt 0:00:30]} b2 {[%emt 0:00:30]} 36. Rd1 {[%emt 0:00:30]} 1-0